Jazz para principiantes /
Guardado en:
| Autor Principal: | |
|---|---|
| Otros Autores: | |
| Formato: | Libro |
| Publicado: |
Buenos Aires :
Errepar,
1998
|
| Series: | Documentos ilustrados
|
| Materias: | |
| Etiquetas: |
Agregar Etiqueta
Sin Etiquetas, Sea el primero en etiquetar este registro!
|
| LEADER | 01022nam a22002535a 4500 | ||
|---|---|---|---|
| 001 | CEM.cems009761 | ||
| 005 | 20080718100628.0 | ||
| 008 | 130507s1998##################000#0#####d | ||
| 003 | CEMS | ||
| 020 | |a 9879065441 | ||
| 082 | 0 | 4 | |a 781.5 |
| 100 | 1 | |a David, Ron | |
| 245 | 1 | 0 | |a Jazz para principiantes / |c Ron David, Vanessa Holley |
| 260 | |a Buenos Aires : |b Errepar, |c 1998 | ||
| 300 | |a 176 p. | ||
| 490 | 0 | |a Documentos ilustrados | |
| 505 | 0 | |a Qué es el jazz? -- Cómo comenzó el jazz? -- Nueva Orleans: 1900-1920 -- Chicago: 1920 -- Nueva York: 1920-30 -- Swing -- BeBop: 1940 -- Los 50: el nacimiento del Cool -- Los 60: Jazz Modal -- Los 70: Fusión (y confusión) -- Contrapunto: Mujeres en el jazz y cantantes de jazz -- Los 80 y los 90: Hip Hop y los jóvenes Fogeys -- Biografías -- Discografía | |
| 653 | |a Bebop | ||
| 653 | |a Jazz | ||
| 653 | |a Jazz modal | ||
| 653 | |a Jazz-biografías | ||
| 653 | |a Jazz-historia | ||
| 700 | 1 | |a Holley, Vanessa | |
| 859 | |a CEMS |b BIB. CEMS - 11 de abril |h 781.5 |i D28 |p 20048.98 |t Ej.1 | ||
